ODOLNOSŤ TENKOSTENNÝCH PRÚTOV A PRÚTOVÝCH KONŠTRUKCIÍ S POUŽITÍM IMPERFEKCIE VO FORME VLASTNÉHO TVARU STRATY STABILITY

Guardado en:
Detalles Bibliográficos
Autor principal: Brodniansky, Ján (Autor)
Otros Autores: Ároch, Rudolf (Orientador)
Formato: Manuscrito Libro
Lenguaje:eslovaco
Publicado: 2016
Materias:
Acceso en línea:http://is.stuba.sk/zp/portal_zp.pl?podrobnosti=102420
Etiquetas: Agregar Etiqueta
Sin Etiquetas, Sea el primero en etiquetar este registro!

MARC

LEADER 00000ntm a22000003a 4500
001 stuzp35769
003 SK-STU
005 20160827210156.8
007 ta
008 150427s2015----xo-----f-mn---000-0-slo-d
040 |a STU  |b slo 
041 0 |a slo 
100 1 |a Brodniansky, Ján  |u 010190  |k Z3  |4 aut  |U SvF Stavebná fakulta  |T SvF Katedra kovových a drevených konštrukcií  |X 49133  |U V190  |Y 21  |7 A000049133 
242 0 1 |a RESISTANCE OF THIN WALLED MEMBERS AND STRUCTURES USING IMPERFECTION IN THE SHAPE OF THE ELASTIC CRITICAL BUCKLING MODE  |y eng 
245 1 0 |a ODOLNOSŤ TENKOSTENNÝCH PRÚTOV A PRÚTOVÝCH KONŠTRUKCIÍ S POUŽITÍM IMPERFEKCIE VO FORME VLASTNÉHO TVARU STRATY STABILITY 
260 |c 2016 
650 4 |a Imperfekcia  |2 slo 
650 4 |a tvar straty stability  |2 slo 
650 4 |a EUGLI  |2 slo 
650 4 |a EUGLI  |2 eng 
650 4 |a Imperfeiction  |2 eng 
650 4 |a Elastic critical buckling mode  |2 eng 
700 1 |a Ároch, Rudolf  |u 010190  |k Z1  |4 ths  |U SvF Stavebná fakulta  |T SvF Katedra kovových a drevených konštrukcií  |X 2743  |U V190  |Y 21  |7 A000002743 
856 4 |u http://is.stuba.sk/zp/portal_zp.pl?podrobnosti=102420 
996 |b 284V041382  |c V* 3347/DP-1277  |l VVS  |s P  |a 0  |w stuzp35769_0001